| 000 | 00361cam a2200145ua 4500 | ||
|---|---|---|---|
| 041 |
_aeng _h |
||
| 082 |
_a828.09 _bGIT/MA |
||
| 100 | _aGittings, Robert . | ||
| 245 |
_aMask of Keats / _cRobert gittings. _hTextual Documents |
||
| 260 |
_aMelbourne : _bWilliam Heinemann Ltd , _c1956. |
||
| 300 | _a177 ; . | ||
| 504 | _a | ||
| 942 | _cBK | ||
| 999 |
_c5354 _d5354 |
||